top 25 QBs of 2025 (based off stats) - Statistics

General Stats
  • This quiz has been taken 8 times
  • The average score is 3 of 25
Answer Stats
Hint Answer % Correct
4552 yards, 30 tds, 10 int dak Prescott
50%
4707 yards, 46 tds and 8 int Matthew stafford
50%
3942 yards, 27 tds and 7 int Caleb williams
25%
3101 yards, 19 tds and 8 int Daniel Jones
25%
4394 yards, 31 tds and 8 int drake maye
25%
3366 yards, 23 tds and 8 int jacoby brissett
25%
3224 yards, 25 tds and 6 int jalen hurts
25%
4564 yards, 34 tds and 8 int Jared goff
25%
4048 yards, 25 tds and 14 int Sam darnold
25%
4007 yards, 29 tds and 12 int Trevor lawrence
25%
3322 yards, 24 tds and 7 int Aaron rodgers
0%
3693 yards, 26 tds and 11 int Baker Mayfield
0%
3931 yards, 25 tds and 11 int bo nix
0%
3011 yards, 23 tds and 11 int Bryce young
0%
3169 yards, 15 tds and 7 int cam ward
0%
3041 yards, 19 tds and 8 int CJ stroud
0%
3025 yards, 19 tds and 17 int geno Smith
0%
2479 yards, 15 tds and 10 int Joe flacco
0%
3381 yards, 23 tds and 6 int Jordan love
0%
3668 yards, 25 tds and 10 int josh Allen
0%
3727 yards, 26 tds and 13 int Justin Herbert
0%
2549 yards, 21 tds and 7 int Lamar Jackson
0%
3587 yards, 22 tds and 11 int Patrick mahomes
0%
2660 yards, 20 tds, 15 int tua tugovailoa
0%
2384 yards, 10 td and 6 int Tyler shough
0%
No matching quizzes found
Score Distribution
Percent of People with Each Score
Percentile by Number Answered
Your Score History
You have not taken this quiz